[Event "Corr"]
[Site "?"]
[Date "1994.??.??"]
[Round "?"]
[White "Haessler Wolfgang"]
[Black "Bang Erik BH"]
[Result "1/2-1/2"]
[WhiteElo "2650"]
[BlackElo "2680"]
[PlyCount "47"]
[EventDate "1994.??.??"]
[Source "www.chesslib.no"]
[SourceDate "2004.05.04"]

1. e4 e5 2. Nf3 Nc6 3. d4 exd4 4. c3 dxc3 5. Nxc3 Bb4 6. Bc4 d6 7. O-O Bxc3 8. bxc3 Be6 9. Bxe6 fxe6 10. Qb3 Qd7 11. Qxb7 Rb8 12. Qa6 Nge7 13. Bg5 O-O 14. Bxe7 Nxe7 15. Qxa7 e5 16. Qe3 Ng6 17. Ne1 Qc6 18. g3 Ra8 19. Nc2 Qc4 20. a3 Rfb8 21. Rfb1 Rxb1+ 22. Rxb1 Qa2 23. Qc1 Qc4 24. Qe3 1/2-1/2

[Event "GER-GRE"]
[Site "Fuerth"]
[Date "2002.09.05"]
[Round "6"]
[White "Mastrovasilis, Dimitrios"]
[Black "Graf, Alexander"]
[Result "1/2-1/2"]
[WhiteElo "2462"]
[BlackElo "2624"]
[PlyCount "97"]
[EventDate "2002.08.31"]
[Source "ChessBase"]
[SourceDate "2002.11.12"]

1. e4 e5 2. Nf3 Nc6 3. d4 exd4 4. c3 dxc3 5. Bc4 cxb2 6. Bxb2 Bb4+ 7. Nc3 Nf6 8. Qc2 d6 9. O-O-O Bxc3 10. Qxc3 Be6 11. Rhe1 Bxc4 12. Qxc4 O-O 13. e5 Nd7 14. Qg4 f6 15. exd6 Rf7 16. Kb1 cxd6 17. Rxd6 Qc8 18. Qe4 Nb6 19. g4 Qf8 20. Re6 Qb4 21. Qxb4 Nxb4 22. g5 Nd3 23. Re8+ Rf8 24. Rxa8 Rxa8 25. Re7 Rc8 26. gxf6 gxf6 27. a3 Na4 28. Bd4 Nc3+ 29. Ka1 Nb5 30. Rxb7 Rc1+ 31. Ka2 Rc2+ 32. Ka1 Nxd4 33. Nxd4 Rxf2 34. Rxa7 Rxh2 35. a4 h5 36. a5 Nb4 37. Rb7 Nd5 38. Rb2 Rxb2 39. Kxb2 Nc7 40. Kc3 Kf7 41. Kc4 h4 42. Nf3 h3 43. Kd4 Ke6 44. Ke4 Nd5 45. a6 f5+ 46. Kd4 Nb4 47. a7 Nc6+ 48. Ke3 Nxa7 49. Ng5+ 1/2-1/2

[Event "Manila"]
[Site "Manila PHI"]
[Date "1973.11.02"]
[Round "12"]
[White "Ljubojevic, Ljubomir"]
[Black "Lombardy, William J"]
[Result "1/2-1/2"]
[WhiteElo "2565"]
[BlackElo "2520"]
[PlyCount "85"]
[EventDate "1973.10.??"]
[Source "www.chesslib.no"]
[SourceDate "2004.05.04"]

1. e4 e5 2. Nf3 Nc6 3. d4 exd4 4. c3 dxc3 5. Bc4 Nf6 6. Nxc3 Bb4 7. e5 d5 8. exf6 dxc4 9. Qxd8+ Kxd8 10. fxg7 Re8+ 11. Be3 Bxc3+ 12. bxc3 Ke7 13. O-O-O Kf6 14. Rhe1 Be6 15. Nd4 Kxg7 16. Nxc6 bxc6 17. Bd4+ Kg6 18. Re3 Bd5 19. Rde1 Rxe3 20. Rxe3 Rb8 21. f3 Rb5 22. Re7 Ra5 23. Kb2 c5 24. Bf2 c6 25. Ka1 a6 26. Ra7 Kf5 27. Bg3 h5 28. Ra8 f6 29. Ra7 Rb5 30. Rxa6 Rb7 31. a4 Rb3 32. Be1 h4 33. Ka2 h3 34. gxh3 Bxf3 35. Ra8 Be4 36. a5 Kf4 37. Rb8 Rb5 38. Rxb5 cxb5 39. Bf2 b4 40. Bxc5 bxc3 41. Bd4 c2 42. Kb2 Kg5 43. h4+ 1/2-1/2

[Event "Brno-A"]
[Site "Brno"]
[Date "1994.??.??"]
[Round "2"]
[White "Blatny, Pavel"]
[Black "Krasenkow, Michal"]
[Result "1/2-1/2"]
[WhiteElo "2485"]
[BlackElo "2595"]
[PlyCount "121"]
[EventDate "1994.08.??"]
[Source "ChessBase"]

1. e4 e5 2. Nf3 Nc6 3. d4 exd4 4. Bc4 Bc5 5. O-O d6 6. c3 Bg4 7. Qb3 Qd7 8. Nxd4 Na5 9. Bxf7+ Ke7 10. Be6 Bxe6 11. Qxe6+ Qxe6 12. Nxe6 Kxe6 13. b4 Bxf2+ 14. Rxf2 Nc4 15. Nd2 Nxd2 16. Bxd2 Nf6 17. Re2 Nd7 18. Bf4 Rhf8 19. Bg3 Nb6 20. Rd1 Nc4 21. a4 a6 22. h3 b5 23. a5 Rf7 24. Bf2 g5 25. Rd3 Rg8 26. Rg3 Rf4 27. Bd4 h5 28. e5 d5 29. Rd3 Rgf8 30. Rd1 Re4 31. Rde1 Rxe2 32. Rxe2 Rf5 33. Kh2 Rf1 34. g4 hxg4 35. hxg4 Rd1 36. Kg3 Rd3+ 37. Kg2 Rd2 38. Rxd2 Nxd2 39. Be3 Nc4 40. Bd4 Nd2 41. Be3 Nc4 42. Bd4 c6 43. Kh3 Nd2 44. Be3 Nb1 45. Bd4 Na3 46. Be3 Nb1 47. Bd4 Nd2 48. Be3 Nc4 49. Bxg5 c5 50. Bf4 d4 51. bxc5 Nxa5 52. cxd4 Nc6 53. g5 Nxd4 54. g6 b4 55. Kg4 Nc6 56. g7 Kf7 57. Kf5 Ne7+ 58. Ke4 Kxg7 59. Kd4 Kg6 60. Kc4 Kf5 61. Bd2 1/2-1/2

[Event "ECC"]
[Site "Rethymnon"]
[Date "2003.10.03"]
[Round "6"]
[White "Mueller, Karsten"]
[Black "Zoler, Dan"]
[Result "0-1"]
[WhiteElo "2521"]
[BlackElo "2539"]
[PlyCount "158"]
[EventDate "2003.09.28"]
[Source "Roberto Alvarez"]
[SourceDate "2003.10.06"]

1. e4 e5 2. Nf3 Nc6 3. d4 exd4 4. c3 d5 5. exd5 Qxd5 6. cxd4 Nf6 7. Nc3 Bb4 8. Be2 Ne4 9. Bd2 Nxc3 10. bxc3 O-O 11. O-O Bg4 12. h3 Bh5 13. c4 Qd6 14. d5 Bxf3 15. Bxf3 Bxd2 16. Qxd2 Ne5 17. Be2 Rae8 18. Rab1 b6 19. Rb3 Re7 20. Rg3 Nd7 21. Bd1 Nc5 22. Re3 Rfe8 23. Rfe1 g6 24. Qd4 Rxe3 25. Rxe3 Rxe3 26. Qxe3 Qf6 27. Bf3 h5 28. g3 Kf8 29. Kg2 a5 30. h4 Qe7 31. Qd4 Ke8 32. Qh8+ Kd7 33. Qa8 Qd8 34. Qc6+ Ke7 35. Qb5 Qd6 36. Qb2 Nd7 37. Be2 Qf6 38. Qd2 Kd6 39. Qh6 Qe5 40. Bf3 Ke7 41. Qd2 Kd6 42. Qc2 Qd4 43. Be2 Nc5 44. Qc1 Kd7 45. Qh6 Nb7 46. Kf3 Qb2 47. a4 Qc2 48. c5 Qf5+ 49. Kg2 Nxc5 50. Bb5+ Ke7 51. Bc6 Qe5 52. Kg1 Nd3 53. Kg2 Nb4 54. d6+ cxd6 55. Bb5 d5 56. Qc1 Kf8 57. Qc8+ Kg7 58. Qd8 Qf6 59. Qd7 d4 60. f4 Nc2 61. Kf2 Ne3 62. Bd3 Nd1+ 63. Ke2 Ne3 64. Kd2 Ng4 65. Bc4 Nf2 66. Qd5 Ng4 67. Bd3 Nh6 68. Qd7 Ng8 69. Be4 Qe7 70. Qxd4+ Nf6 71. Bc2 Qe6 72. Bd3 Qc6 73. Be2 Kf8 74. Qd8+ Ne8 75. Qd4 Qf6 76. Ke3 Qd6 77. Qxd6+ Nxd6 78. Bd3 Ke7 79. Kf3 Nb7 0-1

[Event "Moscow ol (Men)"]
[Site "Moscow"]
[Date "1994.??.??"]
[Round "8"]
[White "Zarnicki, Pablo"]
[Black "Giorgadze, Giorgi"]
[Result "1/2-1/2"]
[WhiteElo "2475"]
[BlackElo "2565"]
[PlyCount "23"]
[EventDate "1994.11.??"]
[Source "ChessBase"]

1. e4 e5 2. Nf3 Nc6 3. d4 exd4 4. c3 Nf6 5. e5 Ne4 6. Qe2 f5 7. exf6 d5 8. Nbd2 Qxf6 9. Nxe4 dxe4 10. Qxe4+ Qe6 11. Bd3 dxc3 12. O-O 1/2-1/2

[Event "2. Open"]
[Site "?"]
[Date "2005.04.28"]
[Round "9"]
[White "Mastrovasilis Dimitrios"]
[Black "Mastrovasilis Athanasios"]
[Result "0-1"]
[WhiteElo "2562"]
[BlackElo "2473"]
[PlyCount "91"]
[EventDate "2005.??.??"]
[Source "www.chesslib.no"]
[SourceDate "2004.05.04"]

1. e4 e5 2. Nf3 Nc6 3. d4 exd4 4. c3 d5 5. exd5 Qxd5 6. cxd4 Bb4+ 7. Nc3 Bg4 8. Be2 Bxf3 9. Bxf3 Qc4 10. Qb3 Qxb3 11. axb3 Nge7 12. O-O a6 13. Be3 O-O-O 14. Rfd1 Kb8 15. g3 Rhe8 16. Bg2 Bd6 17. Ne4 Nf5 18. Rac1 Be7 19. Rc4 Na5 20. Rc3 Bb4 21. Rcd3 Nc6 22. Nc5 Bxc5 23. dxc5 Rxd3 24. Rxd3 Ne5 25. Rc3 Ng4 26. Bd2 Rd8 27. Be4 Rxd2 28. Bxf5 Nxf2 29. Rf3 Nd1 30. Bxh7 f6 31. Rd3 Rxd3 32. Bxd3 Nxb2 33. Be2 a5 34. Kf2 a4 35. bxa4 Nxa4 36. c6 bxc6 37. Bg4 Nb6 38. Ke3 Nd5+ 39. Kd4 Kb7 40. Kc5 Nc3 41. Bf3 Na4+ 42. Kd4 Nb6 43. Ke4 Nc4 44. Kf5 Kb6 45. Ke6 Ne5 46. Be4 0-1

[Event "Moscow5"]
[Site "Moscow"]
[Date "1995.??.??"]
[Round "9"]
[White "Fedorov, Alexei"]
[Black "Guliev, Sarhan"]
[Result "1/2-1/2"]
[WhiteElo "2540"]
[BlackElo "2495"]
[PlyCount "155"]
[EventDate "1995.??.??"]
[Source "ChessBase"]

1. e4 e5 2. Nf3 Nc6 3. d4 exd4 4. c3 d5 5. exd5 Qxd5 6. cxd4 Bg4 7. Be2 Nf6 8. Nc3 Qd8 9. O-O Be7 10. a3 O-O 11. Be3 Nd5 12. Qb3 Nxe3 13. fxe3 Rb8 14. Rf2 Kh8 15. Raf1 Qd6 16. Nd2 Bxe2 17. Nxe2 f6 18. Nf4 f5 19. Nc4 Qh6 20. Rf3 Bd6 21. Rh3 Qf6 22. Nxd6 cxd6 23. Ne6 Rfe8 24. d5 Nd8 25. Nd4 g6 26. Qa4 Re7 27. Qxa7 Rc8 28. Qb6 Qe5 29. Rhf3 Nf7 30. Ne6 Qxd5 31. Nf4 Qc5 32. Qb3 Ng5 33. Rg3 Ne4 34. Rh3 Rg8 35. Nd5 Reg7 36. Qd3 Re8 37. b4 Qc6 38. Rd1 Rc8 39. Rf3 Qc2 40. Rff1 Qxd3 41. Rxd3 b5 42. Nf4 Ra7 43. Ne2 Rca8 44. Nd4 Rxa3 45. Rxa3 Rxa3 46. Nxb5 Rxe3 47. Rd1 Rb3 48. Nxd6 Nc3 49. Nf7+ Kg7 50. Rd7 Kf6 51. Nd8 h5 52. Rf7+ Ke5 53. Re7+ Kd5 54. Rd7+ Ke4 55. Re7+ Kd3 56. h4 Rb1+ 57. Kh2 Rxb4 58. Kh3 Nd5 59. Rd7 Ke4 60. Ne6 Rb1 61. Ng5+ Ke3 62. Kh2 Nf6 63. Rf7 Rb6 64. Nh3 Ne4 65. Ra7 Nf6 66. Ra3+ Ke4 67. Ra4+ Ke5 68. Ra5+ Nd5 69. Ng5 Rc6 70. Nf3+ Kd6 71. Ng5 Ne3 72. Nh3 Rc2 73. Kg3 Rxg2+ 74. Kf3 Rh2 75. Nf4 Nc4 76. Ra6+ Kc5 77. Nxg6 Kd4 78. Kf4 1/2-1/2

[Event "GRE-chT"]
[Site "?"]
[Date "1997.??.??"]
[Round "6"]
[White "Papaioannou Ioannis"]
[Black "Nikolaidis Ioannis"]
[Result "1/2-1/2"]
[WhiteElo "2470"]
[BlackElo "2565"]
[PlyCount "30"]
[EventDate "1997.??.??"]
[Source "www.chesslib.no"]
[SourceDate "2004.05.04"]

1. e4 e5 2. Nf3 Nc6 3. d4 exd4 4. c3 dxc3 5. Bc4 d6 6. Nxc3 Be6 7. Bxe6 fxe6 8. Qb3 Qd7 9. Qxb7 Rb8 10. Qa6 Be7 11. O-O Bf6 12. Rd1 Nge7 13. Qe2 Ng6 14. Be3 Bxc3 15. bxc3 O-O 1/2-1/2

[Event "Athens Acropolis"]
[Site "Athens"]
[Date "2003.08.29"]
[Round "5"]
[White "Mastrovasilis, Dimitrios"]
[Black "Vouldis, Angelos"]
[Result "1-0"]
[WhiteElo "2493"]
[BlackElo "2539"]
[PlyCount "125"]
[EventDate "2003.08.25"]
[Source "ChessBase"]
[SourceDate "2003.11.11"]

1. e4 e5 2. Nf3 Nc6 3. d4 exd4 4. c3 d5 5. exd5 Qxd5 6. cxd4 Bg4 7. Be2 Bb4+ 8. Nc3 Bxf3 9. Bxf3 Qc4 10. Qb3 Qxb3 11. axb3 Nge7 12. O-O a6 13. Be3 O-O-O 14. Rfd1 Rhe8 15. g3 Kb8 16. d5 Ne5 17. Bg2 Nf5 18. Bg5 f6 19. Bc1 Bc5 20. Na4 Ba7 21. b4 Nd4 22. Nc5 Nc2 23. Ra4 Nc4 24. Nd3 Nd4 25. Kf1 Nb6 26. Ra5 Nb3 27. Ra3 Nxc1 28. Rxc1 Nc8 29. b5 axb5 30. Rca1 Rd6 31. Nb4 f5 32. h4 g6 33. Ra5 Re5 34. Bf3 Rf6 35. Nd3 Re7 36. Nc5 c6 37. dxc6 Rxc6 38. Bxc6 bxc6 39. Rc1 Bxc5 40. Rxc5 Kb7 41. Ra1 Nb6 42. Rc2 Nd5 43. Re1 Rxe1+ 44. Kxe1 Kc7 45. Re2 Kd7 46. Kd2 Nf6 47. Ke3 h6 48. Re1 Kd6 49. Ra1 g5 50. Ra8 f4+ 51. gxf4 gxh4 52. Kf3 h5 53. Ra1 Ke6 54. Re1+ Kd5 55. f5 c5 56. Kf4 h3 57. f3 Kc4 58. Ke5 Nh7 59. Rh1 Kb3 60. Rxh3 Kxb2 61. Rxh5 Nf8 62. Rh8 Nd7+ 63. Ke4 1-0

[Event "Buenos Aires ol (Men)"]
[Site "Buenos Aires ARG"]
[Date "1978.??.??"]
[Round "7"]
[White "Velimirovic, Dragoljub"]
[Black "Tarjan, James E"]
[Result "0-1"]
[WhiteElo "2520"]
[BlackElo "2510"]
[PlyCount "85"]
[EventDate "1978.10.25"]
[Source "www.chesslib.no"]
[SourceDate "2004.05.04"]

1. e4 e5 2. Nf3 Nc6 3. d4 exd4 4. c3 dxc3 5. Nxc3 Bb4 6. Bc4 d6 7. Qb3 Bxc3+ 8. bxc3 Qe7 9. O-O Nf6 10. Bd5 O-O 11. Re1 Ne5 12. Nxe5 Qxe5 13. f4 Qh5 14. e5 Nxd5 15. Qxd5 Rd8 16. Ba3 c6 17. Qd4 d5 18. c4 Bf5 19. Rad1 b6 20. c5 Re8 21. Re3 Re6 22. h3 Rg6 23. Kh2 h6 24. Rf1 Qh4 25. Bb4 h5 26. Be1 Qe7 27. Bb4 a5 28. Ba3 b5 29. Rff3 h4 30. g4 hxg3+ 31. Rxg3 Qe6 32. Rxg6 fxg6 33. Bc1 Kf7 34. Qd2 b4 35. a3 Rh8 36. axb4 Bxh3 37. Rg3 Bf5+ 38. Kg1 Be4 39. Qe3 Rh1+ 40. Kf2 axb4 41. Bd2 Rh2+ 42. Kg1 Rh1+ 43. Kf2 0-1

[Event "Chigorin mem"]
[Site "St Petersburg"]
[Date "1998.11.02"]
[Round "3"]
[White "Voitsekhovsky, Stanislav"]
[Black "Turov, Maxim"]
[Result "0-1"]
[WhiteElo "2545"]
[BlackElo "2460"]
[PlyCount "116"]
[EventDate "1998.10.31"]
[Source "ChessBase"]
[SourceDate "1999.01.01"]

1. e4 e5 2. Nf3 Nc6 3. d4 exd4 4. c3 d5 5. exd5 Qxd5 6. cxd4 Bb4+ 7. Nc3 Nf6 8. a3 Bxc3+ 9. bxc3 O-O 10. Be2 Ne4 11. Bb2 Na5 12. O-O Bg4 13. Qc2 Nd6 14. Bc1 Rfe8 15. Bf4 Qe4 16. Qxe4 Rxe4 17. Bxd6 cxd6 18. Bd3 Bxf3 19. gxf3 Re7 20. Rab1 Rc8 21. Rfc1 Rec7 22. Rb5 b6 23. Rd5 Rd8 24. c4 Nc6 25. Rb1 g6 26. Kf1 Kf8 27. Ke2 Na5 28. Rb4 Rdc8 29. Rxd6 Nxc4 30. Bxc4 Ke7 31. Rd5 Rxc4 32. Kd3 Rc2 33. Re5+ Kf6 34. Ra4 R8c7 35. Ke3 R7c3+ 36. Ke4 Re2+ 37. Kd5 Rc5+ 38. dxc5 Rxe5+ 39. Kc6 Rxc5+ 40. Kb7 Rh5 41. Kxa7 Rxh2 42. Rf4+ Ke6 43. Kxb6 Rxf2 44. a4 g5 45. Rb4 Rxf3 46. a5 Ra3 47. a6 f5 48. Rb5 Rxa6+ 49. Kxa6 g4 50. Rb7 f4 51. Rg7 h5 52. Rg6+ Ke5 53. Rg5+ Ke4 54. Rxh5 f3 55. Rg5 Kf4 56. Rg8 f2 57. Kb6 g3 58. Kc5 Kf3 0-1

[Event "New York USA"]
[Site "?"]
[Date "2002.10.08"]
[Round "1"]
[White "Shevelev Danny"]
[Black "Ibragimov Ildar"]
[Result "0-1"]
[WhiteElo "2351"]
[BlackElo "2651"]
[PlyCount "82"]
[EventDate "2002.??.??"]
[Source "www.chesslib.no"]
[SourceDate "2004.05.04"]

1. e4 e5 2. Nf3 Nc6 3. d4 exd4 4. c3 d3 5. Bxd3 d6 6. Nd4 Nf6 7. f4 Be7 8. O-O O-O 9. Qc2 Bd7 10. Nd2 Re8 11. N2f3 g6 12. e5 dxe5 13. fxe5 Nxd4 14. Nxd4 Ng4 15. e6 Bxe6 16. Nxe6 fxe6 17. Bxg6 Bc5+ 18. Kh1 Rf8 19. Bf4 Qh4 20. Bg3 Qh6 21. Be4 Bd6 22. Bxd6 cxd6 23. h3 Qh4 24. Bxb7 Rab8 25. Bf3 Ne5 26. Qe2 Kh8 27. Rad1 Qg3 28. Be4 Rg8 29. Qh5 Rg7 30. Rd2 d5 31. Bb1 Rbg8 32. Re2 Nc4 33. Rf3 Qc7 34. b3 Na3 35. Bd3 Qxc3 36. Ref2 Qc1+ 37. Kh2 Qc7+ 38. Rf4 Qxf4+ 39. Rxf4 Rxg2+ 40. Kh1 Rg1+ 41. Kh2 R8g2# 0-1

[Event "14th Nikea Open"]
[Site "?"]
[Date "2006.??.??"]
[Round "8.54"]
[White "Drakakis, Giannis"]
[Black "Koutsogiannis, Eythimios"]
[Result "0-1"]
[WhiteElo "2500"]
[BlackElo "2500"]
[PlyCount "187"]
[EventDate "2006.??.??"]
[Source "www.chesslib.no"]
[SourceDate "2004.05.04"]

1. e4 e5 2. Nf3 Nc6 3. d4 exd4 4. c3 d5 5. exd5 Qxd5 6. cxd4 Bg4 7. Be2 O-O-O 8. Nc3 Bb4 9. O-O Qa5 10. Ng5 Bxe2 11. Qxe2 Nxd4 12. Qc4 Nh6 13. Be3 b5 14. Qb3 Nxb3 15. axb3 Bxc3 16. bxc3 Qxc3 17. Rxa7 Qxb3 18. Ne4 Kb8 19. Nc5 Kxa7 20. Ra1+ Kb8 21. Nxb3 Nf5 22. Ba7+ Kc8 23. g4 Nd6 24. Bd4 Nb7 25. h3 f6 26. g5 Rhg8 27. f4 fxg5 28. fxg5 g6 29. Ra8+ Kd7 30. Ra7 Kc6 31. Ra6+ Kd5 32. Ra7 Rb8 33. Bf2 Rgc8 34. Bg3 Nd6 35. Ra1 Nf5 36. Rd1+ Kc4 37. Na5+ Kc3 38. Be1+ Kc2 39. Rd2+ Kb1 40. Rd1+ Kb2 41. Rd2+ Ka3 42. Rd3+ Ka4 43. Rd1 b4 44. Nc6 Rb6 45. Ra1+ Kb3 46. Nxb4 Rxb4 47. Rb1+ Kc4 48. Rxb4+ Kd5 49. Rb7 Nd6 50. Ra7 Nb5 51. Ra2 c5 52. Rd2+ Nd4 53. Bf2 Re8 54. Kf1 Re5 55. h4 Re4 56. Ra2 Nf5 57. Ra5 Rc4 58. Ra7 Nxh4 59. Rxh7 Nf5 60. Rf7 Rg4 61. Rc7 Nd4 62. Be3 Ne6 63. Rc8 Re4 64. Kf2 Nd4 65. Rf8 Re6 66. Rd8+ Ke4 67. Rc8 Kd3 68. Ra8 c4 69. Bc1 Kc2 70. Be3 Kd3 71. Bc1 Nb3 72. Rd8+ Kc2 73. Be3 c3 74. Ke2 Kb2 75. Kd3 c2 76. Rc8 Rxe3+ 77. Kxe3 c1=Q+ 78. Rxc1 Kxc1 79. Ke4 Nd2+ 80. Kf4 Kd1 81. Ke5 Nf3+ 82. Kf4 Ke2 83. Kg4 Ke3 84. Kg3 Nxg5 85. Kg2 Kf4 86. Kf2 Nf3 87. Kg2 g5 88. Kf2 g4 89. Kg2 g3 90. Kf1 Kg4 91. Kg2 Nh2 92. Kg1 Kh3 93. Kh1 g2+ 94. Kg1 0-1

[Event "Vinkovci"]
[Site "Vinkovci"]
[Date "1995.??.??"]
[Round "?"]
[White "Zelcic, Robert"]
[Black "Keitlinghaus, Ludger"]
[Result "1/2-1/2"]
[WhiteElo "2500"]
[BlackElo "2495"]
[PlyCount "111"]
[EventDate "1995.04.??"]
[Source "ChessBase"]

1. e4 e5 2. Nf3 Nc6 3. d4 Nxd4 4. Nxd4 exd4 5. Qxd4 Ne7 6. Bf4 Nc6 7. Qe3 Bb4+ 8. Nc3 O-O 9. O-O-O Bxc3 10. Qxc3 d6 11. e5 Qh4 12. g3 Qh5 13. f3 dxe5 14. g4 Qh4 15. Bxe5 Nxe5 16. Qxe5 Be6 17. Bd3 c6 18. Rd2 Rfe8 19. Qf4 Bd5 20. Rhd1 g6 21. b3 a6 22. Kb2 Kg7 23. Bc4 Bxc4 24. Qxc4 Qf6+ 25. Qc3 Qxc3+ 26. Kxc3 Re3+ 27. Rd3 Rae8 28. a4 a5 29. h3 Kf6 30. h4 R8e5 31. Kc4 Rxd3 32. Rxd3 Ke7 33. Rd4 f5 34. g5 Re2 35. c3 Rf2 36. Rd3 b6 37. b4 Ra2 38. Kb3 Ra1 39. Rd4 Ke6 40. bxa5 bxa5 41. Rd8 Rb1+ 42. Kc4 Ra1 43. Kc5 Rxa4 44. c4 Ra3 45. f4 Rf3 46. Rd6+ Ke7 47. Rxc6 Rxf4 48. Rc7+ Ke6 49. Rxh7 a4 50. Rh6 Ke5 51. Rxg6 Rxh4 52. Rg8 a3 53. g6 a2 54. Ra8 Rg4 55. Rxa2 Rxg6 56. Re2+ 1/2-1/2

[Event "corr-14 WCH"]
[Site "corr-14 WCH"]
[Date "1987.??.??"]
[Round "?"]
[White "Bryson, Douglas Marshall"]
[Black "Sorri, Juhani"]
[Result "1-0"]
[WhiteElo "2575"]
[BlackElo "2415"]
[PlyCount "89"]
[EventDate "1987.??.??"]
[Source "www.chesslib.no"]
[SourceDate "2004.05.04"]

1. e4 e5 2. Nf3 Nc6 3. d4 exd4 4. c3 dxc3 5. Bc4 Nf6 6. Nxc3 Bb4 7. e5 d5 8. exf6 dxc4 9. Qxd8+ Nxd8 10. fxg7 Rg8 11. Bh6 f6 12. O-O-O Bxc3 13. bxc3 Kf7 14. Nh4 Nc6 15. f4 Bg4 16. Rde1 Rge8 17. h3 Be2 18. g4 Bd3 19. g5 b5 20. gxf6 b4 21. Kb2 Kxf6 22. Nf3 Kf7 23. Ng5+ Kg8 24. Ne6 Bg6 25. f5 Bf7 26. Re4 Rab8 27. Rd1 bxc3+ 28. Kxc3 Nb4 29. Rd2 c6 30. Kxc4 Rb5 31. Rd7 Reb8 32. Rxf7 Kxf7 33. Ng5+ Kf6 34. Nxh7+ Kf7 35. Ng5+ Kf6 36. Re2 Rd5 37. Nh7+ Kf7 38. f6 Rf5 39. Ng5+ Kg6 40. f7 Rf4+ 41. Kc5 Nd3+ 42. Kd6 Rxf7 43. Nxf7 Kxf7 44. Re3 Rg8 45. Rf3+ 1-0

[Event "JUG-Cup final"]
[Site "Pula CRO"]
[Date "1991.??.??"]
[Round "5"]
[White "Sermek, Drazen"]
[Black "Smagin, Sergey B"]
[Result "1/2-1/2"]
[WhiteElo "2440"]
[BlackElo "2550"]
[PlyCount "135"]
[EventDate "1991.??.??"]
[Source "www.chesslib.no"]
[SourceDate "2004.05.04"]

1. e4 e5 2. Nf3 Nc6 3. d4 exd4 4. c3 d3 5. Bxd3 d6 6. O-O Be7 7. h3 Bf6 8. Be3 Nge7 9. Nd4 Bxd4 10. cxd4 O-O 11. Nc3 f5 12. Bg5 fxe4 13. Bxe4 Qd7 14. d5 Nd8 15. Qc2 Nf5 16. g4 Nd4 17. Qd3 c5 18. dxc6 N8xc6 19. Bxh7+ Kh8 20. Be4 Nf3+ 21. Bxf3 Ne5 22. Qd5 Rxf3 23. Rae1 Rxh3 24. f3 Nxf3+ 25. Rxf3 Qxg4+ 26. Kf2 Rh2+ 27. Ke3 Be6 28. Qxd6 Qxg5+ 29. Qf4 Qxf4+ 30. Kxf4 Rf8+ 31. Ke3 Re8 32. Kf4 Rf8+ 33. Ke3 Re8 34. Kf4 Rxb2 35. Kg3 Rb4 36. Nd5 Rg4+ 37. Kf2 Rc4 38. Kg3 Rg4+ 39. Kf2 Rc4 40. Kg3 Kh7 41. Rh1+ Kg8 42. Re1 Rc5 43. Nf4 Bf7 44. Rxe8+ Bxe8 45. Ne6 Rc8 46. Rf8+ Kh7 47. Ng5+ Kg6 48. Nf3 b5 49. Kf4 b4 50. Ne5+ Kh7 51. Ke3 Rc3+ 52. Kd4 Bb5 53. Rf2 a5 54. Rh2+ Kg8 55. Ng6 Rc1 56. Rf2 Re1 57. Rf5 Be8 58. Rf8+ Kh7 59. Ne5 Ba4 60. Ra8 Ra1 61. Rxa5 Rxa2 62. Ra7 b3 63. Rb7 Rh2 64. Nd3 Kh6 65. Nc5 g5 66. Nxa4 Rh4+ 67. Ke3 Rxa4 68. Kf3 1/2-1/2

[Event "DDR Ch 26th"]
[Site "Frankfurt/Oder"]
[Date "1977.??.??"]
[Round "15"]
[White "Espig, Lutz"]
[Black "Knaak, Rainer F A"]
[Result "1/2-1/2"]
[WhiteElo "2485"]
[BlackElo "2500"]
[PlyCount "24"]
[EventDate "1977.02.10"]
[Source "www.chesslib.no"]
[SourceDate "2004.05.04"]

1. e4 e5 2. Nf3 Nc6 3. d4 exd4 4. c3 d5 5. exd5 Qxd5 6. cxd4 Bg4 7. Be2 Bb4+ 8. Nc3 Bxf3 9. Bxf3 Qc4 10. Bxc6+ bxc6 11. Qe2+ Qxe2+ 12. Kxe2 Ne7 1/2-1/2

[Event "Odessa"]
[Site "Odessa UKR"]
[Date "1976.??.??"]
[Round "9"]
[White "Espig, Lutz"]
[Black "Lutikov, Anatoly S"]
[Result "1/2-1/2"]
[WhiteElo "2480"]
[BlackElo "2500"]
[PlyCount "38"]
[EventDate "1976.08.??"]
[Source "www.chesslib.no"]
[SourceDate "2004.05.04"]

1. e4 e5 2. Nf3 Nc6 3. d4 exd4 4. c3 Nf6 5. e5 Ne4 6. Qe2 f5 7. exf6 d5 8. Nxd4 Nxd4 9. cxd4 Bb4+ 10. Bd2 Bxd2+ 11. Nxd2 O-O 12. Nxe4 Re8 13. O-O-O Rxe4 14. Qh5 g6 15. Qg5 Bf5 16. f3 Re6 17. Bd3 Rxf6 18. Kb1 Bxd3+ 19. Rxd3 Re6 1/2-1/2

[Event "ARG-ch"]
[Site "Buenos Aires"]
[Date "1998.04.27"]
[Round "11"]
[White "Ginzburg, Maximiliano"]
[Black "Slipak, Sergio"]
[Result "1/2-1/2"]
[WhiteElo "2470"]
[BlackElo "2510"]
[PlyCount "93"]
[EventDate "1998.04.15"]
[Source "ChessBase"]
[SourceDate "1998.08.06"]

1. e4 e5 2. Nf3 Nc6 3. d4 exd4 4. c3 dxc3 5. Bc4 d6 6. Nxc3 Nf6 7. Qb3 Qd7 8. Ng5 Ne5 9. Bb5 c6 10. f4 cxb5 11. fxe5 dxe5 12. Be3 a5 13. O-O a4 14. Qxb5 Be7 15. Qxe5 O-O 16. Rad1 Qe8 17. Bd4 h6 18. Nf3 Ra6 19. Kh1 Re6 20. Qg3 Nh5 21. Qf2 f6 22. Nh4 Bd6 23. Nf5 Be5 24. Bc5 Rf7 25. Nd5 b6 26. Be3 Bb7 27. g4 Bb8 28. gxh5 Rxe4 29. Qg2 Kh8 30. Kg1 Rd7 31. Bxh6 gxh6 32. Nxf6 Re2 33. Qxb7 Rxb7 34. Nxe8 Rxe8 35. Nxh6 Rg7+ 36. Kh1 Bc7 37. Rde1 Rge7 38. Rf8+ Rxf8 39. Rxe7 Bf4 40. Ng4 Bc1 41. Ne5 Rf2 42. Rc7 Bxb2 43. Rc8+ Kh7 44. Rc7+ Kh8 45. Rc8+ Kh7 46. Rc7+ Kh8 47. Rc8+ 1/2-1/2

[Event "ch-GRE"]
[Site "Aspropyrgos"]
[Date "2003.12.07"]
[Round "9"]
[White "Mastrovasilis, Dimitrios"]
[Black "Nikolaidis, Ioannis"]
[Result "1/2-1/2"]
[WhiteElo "2512"]
[BlackElo "2467"]
[PlyCount "37"]
[EventDate "2003.11.29"]
[Source "Roberto Alvarez"]
[SourceDate "2003.12.15"]

1. e4 e5 2. Nf3 Nc6 3. d4 exd4 4. c3 dxc3 5. Bc4 d6 6. Nxc3 Nf6 7. Qb3 Qd7 8. Ng5 Ne5 9. Bb5 c6 10. f4 cxb5 11. fxe5 dxe5 12. Be3 a5 13. O-O a4 14. Qxb5 Bd6 15. Qe2 Ra5 16. Rad1 Qe7 17. Nd5 Nxd5 18. Nxf7 O-O 19. Nxd6 1/2-1/2

[Event "Biel MTO op"]
[Site "?"]
[Date "1996.??.??"]
[Round "5"]
[White "Pirrot Dieter"]
[Black "Sturua Zurab"]
[Result "0-1"]
[WhiteElo "2415"]
[BlackElo "2560"]
[PlyCount "56"]
[EventDate "1996.??.??"]
[Source "www.chesslib.no"]
[SourceDate "2004.05.04"]

1. e4 e5 2. Nf3 Nc6 3. d4 exd4 4. c3 d5 5. exd5 Qxd5 6. cxd4 Bg4 7. Be2 Bb4+ 8. Nc3 Bxf3 9. Bxf3 Qc4 10. Bxc6+ bxc6 11. Qe2+ Qxe2+ 12. Kxe2 Ne7 13. Be3 O-O-O 14. Rac1 Rhe8 15. Rhd1 Nf5 16. Kf3 h5 17. Ne2 Rd6 18. Nf4 Rf6 19. Nxh5 Nxd4+ 20. Kg4 Rg6+ 21. Bg5 f5+ 22. Kh4 Re4+ 23. f4 Ne6 24. Kh3 Nxg5+ 25. fxg5 Rxg5 26. Ng3 Re3 27. Rd4 Be7 28. Rh4 f4 0-1

[Event "Podolsk"]
[Site "Podolsk"]
[Date "1992.??.??"]
[Round "?"]
[White "Zaitsev, Igor A"]
[Black "Giorgadze, Giorgi"]
[Result "1/2-1/2"]
[WhiteElo "2445"]
[BlackElo "2525"]
[PlyCount "22"]
[EventDate "1992.12.??"]
[Source "ChessBase"]

1. e4 e5 2. Nf3 Nc6 3. d4 exd4 4. c3 d5 5. exd5 Qxd5 6. cxd4 Nf6 7. Nc3 Bb4 8. a3 Bxc3+ 9. bxc3 Bg4 10. Be2 O-O 11. O-O Rad8 1/2-1/2

[Event "Magistral Int"]
[Site "?"]
[Date "1998.??.??"]
[Round "?"]
[White "Zarnicki Pablo"]
[Black "Soppe Guillermo Gustavo"]
[Result "1/2-1/2"]
[WhiteElo "2515"]
[BlackElo "2455"]
[PlyCount "32"]
[EventDate "1998.??.??"]
[Source "www.chesslib.no"]
[SourceDate "2004.05.04"]

1. e4 e5 2. Nf3 Nc6 3. d4 exd4 4. c3 d5 5. exd5 Qxd5 6. cxd4 Bg4 7. Be2 Bb4+ 8. Nc3 Bxf3 9. Bxf3 Qc4 10. Bxc6+ bxc6 11. Qe2+ Qxe2+ 12. Kxe2 Ne7 13. Be3 O-O-O 14. Rac1 Rhe8 15. Rhd1 Ba5 16. Kf3 Bb6 1/2-1/2